000 00448ntaaa2200181 4500
003 01
005 20251027202432.0
008 0714s1973 ag 01
040 _aAR-BaBN
_bspa
_cAR-BaBN
_eaacr
_dRIC
082 _a261.7100 T82
100 _aTulga, Chester E.
_914543
245 _aThe case against Communism
250 _a1 ed.
260 _aChicago :
_bGood News Publishers,
_cc1949
300 _a61 p.
650 _aComunismo
_92897
942 _cBK
999 _c19301
_d19301